La loca de Gandoca
Guardat en:
| Autor principal: | |
|---|---|
| Format: | Document de govern Llibre |
| Idioma: | Spanish |
| Publicat: |
San José, Costa Rica
EDUCA
1993
|
| Edició: | 3. edición |
| Col·lecció: | Colección Séptimo día
|
| Matèries: | |
| Etiquetes: |
Afegir etiqueta
Sense etiquetes, Sigues el primer a etiquetar aquest registre!
|
MARC
| LEADER | 00000nam a22000007a 4500 | ||
|---|---|---|---|
| 007 | ta | ||
| 008 | 140130s1993 cr |||f |||| 000 1 spa d | ||
| 020 | |a 9977301883 | ||
| 040 | |a cru CIICLA Universidad de Costa Rica | ||
| 086 | |a CR863.4 R8314-L3 | ||
| 100 | 1 | |a Rossi Lara, Anacristina |d 1952- | |
| 245 | 1 | 3 | |a La loca de Gandoca |c Anacristina Rossi Lara |
| 250 | |a 3. edición | ||
| 260 | |a San José, Costa Rica |b EDUCA |c 1993 | ||
| 300 | |a 140 páginas | ||
| 490 | 0 | |a Colección Séptimo día | |
| 505 | |t | ||
| 650 | 7 | |9 76 |a LITERATURA COSTARRICENSE |v NOVELA | |
| 942 | |2 ddc |c BK | ||
| 999 | |c 3176 |d 3176 | ||



